Population of Bangladesh (Record no. 18261)
[ view plain ]
| 000 -LEADER | |
|---|---|
| fixed length control field | 00562nam a2200169Ia 4500 |
| 082 ## - DEWEY DECIMAL CLASSIFICATION NUMBER | |
| Classification number | RR 304.6095492 BAN-; |
| 100 ## - MAIN ENTRY--AUTHOR NAME | |
| Personal name | Bangkok. Economic and Social |
| 245 #0 - TITLE STATEMENT | |
| Title | Population of Bangladesh |
| 260 ## - PUBLICATION, DISTRIBUTION, ETC. (IMPRINT) | |
| Place of publication | New York |
| Name of publisher | United Nations |
| Year of publication | 1981 |
| 300 ## - PHYSICAL DESCRIPTION | |
| Number of Pages | xx, 215p.: maps and tables |
| 440 ## - SERIES STATEMENT/ADDED ENTRY--TITLE | |
| Title | Country monograph series; 8 |
| 650 ## - SUBJECT ADDED ENTRY--TOPICAL TERM | |
| Topical Term | Bangladesh - Population - Economic aspects |
| 650 ## - SUBJECT ADDED ENTRY--TOPICAL TERM | |
| Topical Term | Birth control - Bangladesh |
| 650 ## - SUBJECT ADDED ENTRY--TOPICAL TERM | |
| Topical Term | Bangladesh - Population policy |
| 710 ## - ADDED ENTRY--CORPORATE NAME | |
| Corporate name or jurisdiction name as entry element | Bangkok. Economic and Social Commission for Asia and the Pacific |
| 942 ## - ADDED ENTRY ELEMENTS (KOHA) | |
| Koha item type | Books |
| Withdrawn status | Lost status | Damaged status | Not for loan | Home library | Current library | Date acquired | Bill Date | Full call number | Accession Number | Price effective from | Koha item type |
|---|---|---|---|---|---|---|---|---|---|---|---|
| NASSDOC Library | NASSDOC Library | 08/06/2004 | 2004-10-22 | RR 304.6095492 BAN-; | 14524 | 18/04/2019 | Books |
